00565nam a2200169Ia 4500008004100000041001200041082001200053100003100065245007900096365000800175520001400183546001200197630007900209650001400288655001400302730007900316101110s9999 xx 000 0 und d aENGLISH bSR24330 aMisra, S.K. and Puri, V.K. aEconomics of development and planning : theory and practice , edition 2001 b325 aEconomics aENGLISH aEconomics of development and planning : theory and practice , edition 2001 aEconomics aEconomics aEconomics of development and planning : theory and practice , edition 2001